000 00679nam a2200205Ia 4500
001 17846
003 GE_BSU
008 181216s||||||||xx |||||||||||||| ||und||
040 _cGE_BSU
080 _a621.372.8(035)
100 _aФельдштеин,А.Л. Явич,Л.Р. Смирнов,В.П.
245 _aСправочник по элементам волноводной техники.
245 _cРед. Р.И.Перец.
260 _aМ.
260 _bГосэнергоиздат.
260 _c1963.
300 _a360 стр. с илл. 20 см.
653 _aСправочник по элементам волноводной техники.
942 _cBK
999 _c50891
_d50891